00676nam a2200181 a 450000100100000000500170001000800410002702000180006804000250008608200190011110000240013024500390015426000820019330000210027550000630029695201180035999900170047700004491520201002045728.0150119s2009 dr 000 0 spa d a9789945010114 aDO-SdBNPbspacBNPHU axxxxxxbxxxxxx1 aBera, Melvin92100114aLas dos américas /cMelvin Bera. aSanto Domingo :bInstituto de investigación y Desarrollo Dominicano,c2009. a170 p. ;c21 cm. aIncluye datos biográficos del autor en la contracubierta 00107-18PDaPDbPDcOId2015-01-19iLF1l0oxxxxxx xxxxxxp44915-10r2020-06-25w2020-06-25yLFPDZNo se presta c44404d44404